<?xml version="1.0" encoding="UTF-8"?>
<record
    xmlns:xsi="http://www.w3.org/2001/XMLSchema-instance"
    xsi:schemaLocation="http://www.loc.gov/MARC21/slim http://www.loc.gov/standards/marcxml/schema/MARC21slim.xsd"
    xmlns="http://www.loc.gov/MARC21/slim">

  <leader>01311cam a2200337 c 4500</leader>
  <controlfield tag="001">60159</controlfield>
  <controlfield tag="003">CO-BoRNBP</controlfield>
  <controlfield tag="005">20251212192935.0</controlfield>
  <controlfield tag="007">ta</controlfield>
  <controlfield tag="008">020607s2002    ck o   gr     000 0dspa  </controlfield>
  <datafield tag="040" ind1=" " ind2=" ">
    <subfield code="a">CO-BoRNBP</subfield>
    <subfield code="b">spa</subfield>
    <subfield code="e">rda</subfield>
    <subfield code="c">CO-BoRNBP</subfield>
  </datafield>
  <datafield tag="041" ind1=" " ind2=" ">
    <subfield code="a">spa</subfield>
  </datafield>
  <datafield tag="082" ind1="0" ind2="4">
    <subfield code="a">746.986158</subfield>
    <subfield code="2">C67a</subfield>
  </datafield>
  <datafield tag="110" ind1=" " ind2=" ">
    <subfield code="a">Banco de la Rep&#xFA;blica</subfield>
    <subfield code="9">44153</subfield>
  </datafield>
  <datafield tag="245" ind1="1" ind2="0">
    <subfield code="a">As&#xED; eramos, as&#xED; somos :</subfield>
    <subfield code="b">textiles y tintes de Nari&#xF1;o /</subfield>
    <subfield code="c">Banco de la Rep&#xFA;blica ; investigaci&#xF3;n textos, ilustraciones y fotograf&#xED;a Emilia Cort&#xE9;s Moreno.</subfield>
  </datafield>
  <datafield tag="250" ind1=" " ind2=" ">
    <subfield code="a">Primera edici&#xF3;n</subfield>
  </datafield>
  <datafield tag="264" ind1=" " ind2="1">
    <subfield code="a">Bogot&#xE1;, Colombia :</subfield>
    <subfield code="b">Banco de la Rep&#xFA;blica,</subfield>
    <subfield code="c">1999</subfield>
  </datafield>
  <datafield tag="300" ind1=" " ind2=" ">
    <subfield code="a">26 p&#xE1;ginas :</subfield>
    <subfield code="b">ilustraciones en color, mapas</subfield>
  </datafield>
  <datafield tag="336" ind1=" " ind2=" ">
    <subfield code="a">texto</subfield>
    <subfield code="b">txt</subfield>
    <subfield code="2">rdacontent</subfield>
  </datafield>
  <datafield tag="337" ind1=" " ind2=" ">
    <subfield code="a">sin mediaci&#xF3;n</subfield>
    <subfield code="b">n</subfield>
    <subfield code="2">rdamedia</subfield>
  </datafield>
  <datafield tag="338" ind1=" " ind2=" ">
    <subfield code="a">volumen</subfield>
    <subfield code="b">nc</subfield>
    <subfield code="2">rdacarrier</subfield>
  </datafield>
  <datafield tag="490" ind1="0" ind2=" ">
    <subfield code="a">Historia</subfield>
  </datafield>
  <datafield tag="650" ind1="0" ind2="7">
    <subfield code="a">Tejedur&#xED;a</subfield>
    <subfield code="v">Exposiciones</subfield>
    <subfield code="z">Nari&#xF1;o (Colombia)</subfield>
    <subfield code="2">lemb</subfield>
    <subfield code="9">67923</subfield>
  </datafield>
  <datafield tag="650" ind1="0" ind2="7">
    <subfield code="a">Tintes y Te&#xF1;ido</subfield>
    <subfield code="v">Exposiciones</subfield>
    <subfield code="z">Nari&#xF1;o (Colombia)</subfield>
    <subfield code="2">lemb</subfield>
    <subfield code="9">67924</subfield>
  </datafield>
  <datafield tag="650" ind1="1" ind2="7">
    <subfield code="a">Artesan&#xED;as textiles</subfield>
    <subfield code="z">Nari&#xF1;o (Colombia)</subfield>
    <subfield code="2">lemb</subfield>
    <subfield code="9">67925</subfield>
  </datafield>
  <datafield tag="650" ind1="0" ind2="7">
    <subfield code="a">Dise&#xF1;o textil</subfield>
    <subfield code="z">Nari&#xF1;o (Colombia)</subfield>
    <subfield code="2">lemb</subfield>
    <subfield code="9">67926</subfield>
  </datafield>
  <datafield tag="650" ind1="1" ind2="7">
    <subfield code="a">Pintura de telas</subfield>
    <subfield code="z">Nari&#xF1;o (Colombia)</subfield>
    <subfield code="2">lemb</subfield>
    <subfield code="9">67927</subfield>
  </datafield>
  <datafield tag="650" ind1="0" ind2="7">
    <subfield code="a">Telares</subfield>
    <subfield code="z">Nari&#xF1;o (Colombia)</subfield>
    <subfield code="2">lemb</subfield>
    <subfield code="9">67928</subfield>
  </datafield>
  <datafield tag="650" ind1="0" ind2="7">
    <subfield code="a">Telas</subfield>
    <subfield code="z">Nari&#xF1;o (Colombia)</subfield>
    <subfield code="2">lemb</subfield>
    <subfield code="9">67929</subfield>
  </datafield>
  <datafield tag="942" ind1=" " ind2=" ">
    <subfield code="c">BK</subfield>
    <subfield code="2">ddc</subfield>
  </datafield>
  <datafield tag="999" ind1=" " ind2=" ">
    <subfield code="c">60159</subfield>
    <subfield code="d">60159</subfield>
  </datafield>
</record>
